[Event "Eliteserien 2017 - 18"]
[Site "Stavanger og Oslo"]
[Date "2017.11.03"]
[Round "1"]
[White "Predojevic, Borki"]
[Black "Lie, Espen"]
[Result "1/2-1/2"]
[WhiteElo "2625"]
[BlackElo "2459"]
[PlyCount "80"]
[EventDate "2017.??.??"]

1. e4 e5 2. Nf3 Nc6 3. Bb5 a6 4. Ba4 Nf6 5. O-O Be7 6. Re1 b5 7. Bb3 d6 8. a4
Bg4 9. c3 O-O 10. h3 Bxf3 11. Qxf3 Na5 12. Bc2 b4 13. d4 c5 14. d5 b3 15. Bd3
c4 16. Bf1 Nd7 17. Qg4 Kh8 18. Be3 Rc8 19. Nd2 g6 20. Bh6 f5 21. exf5 Rxf5 22.
Ne4 Nf6 23. Nxf6 Bxf6 24. Re4 Rh5 25. Be3 Rh4 26. Qf3 Rxe4 27. Qxe4 Bg5 28. Re1
Bxe3 29. Rxe3 Qd7 30. f4 Re8 31. fxe5 dxe5 32. Be2 Kg7 33. Bg4 Qd6 34. Be6 Nb7
35. Rf3 Nd8 36. Qh4 Nxe6 37. Qf6+ Kh6 38. Qh4+ Kg7 39. Qf6+ Kh6 40. Qh4+ Kg7
1/2-1/2

[Event "Eliteserien 2017 - 18"]
[Site "Stavanger og Oslo"]
[Date "2017.11.03"]
[Round "1"]
[White "Hole, Øystein"]
[Black "Tari, Aryan"]
[Result "0-1"]
[WhiteElo "2333"]
[BlackElo "2581"]
[PlyCount "52"]
[EventDate "2017.??.??"]

1. Nf3 d5 2. d4 Nf6 3. c4 e6 4. Nc3 Bb4 5. cxd5 exd5 6. Bg5 h6 7. Bxf6 Qxf6 8.
a3 Bxc3+ 9. bxc3 O-O 10. e3 c5 11. c4 dxc4 12. Bxc4 Nc6 13. dxc5 Bg4 14. O-O
Rad8 15. Qc2 Bxf3 16. gxf3 Ne5 17. f4 Nf3+ 18. Kg2 Qc6 19. e4 Nd2 20. Rfe1 Qg6+
21. Kh1 Nf3 22. Be2 Rd2 23. Qc3 Nxe1 24. Rxe1 Qxe4+ 25. f3 Qxf4 26. Rg1 Qd4
0-1

[Event "Eliteserien 2017 - 18"]
[Site "Stavanger og Oslo"]
[Date "2017.11.03"]
[Round "1"]
[White "Christiansen, Johan-Sebastian"]
[Black "Hobber, Anders"]
[Result "1/2-1/2"]
[WhiteElo "2468"]
[BlackElo "2290"]
[PlyCount "50"]
[EventDate "2017.??.??"]

1. e4 e6 2. d4 d5 3. Nc3 dxe4 4. Nxe4 Nd7 5. Nf3 Ngf6 6. Bg5 h6 7. Nxf6+ Nxf6
8. Be3 Bd6 9. Bd3 O-O 10. c3 b6 11. Qc2 Bb7 12. O-O-O Nd5 13. Bd2 c5 14. dxc5
bxc5 15. Qa4 Nb6 16. Qg4 f5 17. Qg6 Rf6 18. Qh5 Bd5 19. c4 Nxc4 20. Bc3 Nb6 21.
Bc2 Rf8 22. Rhe1 Qe8 23. Qh4 Qd8 24. Qh5 Qe8 25. Qh4 Qd8
1/2-1/2

[Event "Eliteserien 2017 - 18"]
[Site "Stavanger og Oslo"]
[Date "2017.11.03"]
[Round "1"]
[White "Andersen, Alf Roger"]
[Black "Holm, Kristian Stuvik"]
[Result "0-1"]
[WhiteElo "2161"]
[BlackElo "2429"]
[PlyCount "66"]
[EventDate "2017.??.??"]

1. e4 e5 2. Nf3 Nc6 3. d4 exd4 4. Nxd4 Nf6 5. Nxc6 bxc6 6. e5 Qe7 7. Qe2 Nd5 8.
c4 Nb6 9. b3 Qe6 10. Bb2 a5 11. Nd2 Bb4 12. O-O-O a4 13. f4 axb3 14. axb3 Qe7
15. g4 Ba3 16. Nb1 Bxb2+ 17. Qxb2 O-O 18. Bd3 d5 19. exd6 cxd6 20. Rhe1 Qc7 21.
Qf2 d5 22. Re5 g6 23. h4 dxc4 24. bxc4 Bxg4 25. Rde1 Rad8 26. R1e3 Qb8 27. Qc2
Nd7 28. Rg3 Nxe5 29. fxe5 Qxe5 30. Qf2 h5 31. Re3 Qd4 32. Qe1 Rb8 33. Qd2 Rb2
0-1

[Event "Eliteserien 2017 - 18"]
[Site "Stavanger og Oslo"]
[Date "2017.11.03"]
[Round "1"]
[White "Kaasen, Tor Fredrik"]
[Black "Lahlum, Hans O."]
[Result "1/2-1/2"]
[WhiteElo "2342"]
[BlackElo "2113"]
[PlyCount "74"]
[EventDate "2017.??.??"]

1. d4 e6 2. Nf3 d5 3. c4 c6 4. Qc2 dxc4 5. Qxc4 Nf6 6. Qc2 c5 7. dxc5 Qa5+ 8.
Nc3 Nc6 9. Bd2 Qxc5 10. a3 Bd7 11. b4 Nd4 12. Qd3 Nxf3+ 13. Qxf3 Qc6 14. e4 Rc8
15. Rc1 Qd6 16. Bd3 Be7 17. O-O O-O 18. Rfd1 e5 19. h3 Qb8 20. Bg5 Be6 21. Bb5
Rfd8 22. Rxd8+ Rxd8 23. Qe2 a6 24. Bc4 Bxc4 25. Qxc4 Rc8 26. Qd3 Rd8 27. Qe2
Rc8 28. Bxf6 Bxf6 29. Qd1 Bg5 30. Rc2 Qc7 31. g3 g6 32. Kg2 Kg7 33. Qd3 Qc4 34.
Qxc4 Rxc4 35. Kf1 Bd2 36. Rxd2 Rxc3 37. Rd6 Rxa3
1/2-1/2

[Event "Eliteserien 2017 - 18"]
[Site "Stavanger og Oslo"]
[Date "2017.11.03"]
[Round "1"]
[White "Gudbrandsen, Gustav"]
[Black "Vea, Odin Blikra"]
[Result "1/2-1/2"]
[WhiteElo "2235"]
[BlackElo "2191"]
[PlyCount "90"]
[EventDate "2017.??.??"]

1. e4 c5 2. Nf3 Nc6 3. d4 cxd4 4. Nxd4 Nf6 5. Nc3 e5 6. Ndb5 h6 7. Nd6+ Bxd6 8.
Qxd6 Qe7 9. Qxe7+ Kxe7 10. Be3 d6 11. f3 Be6 12. O-O-O Rac8 13. a3 Rhd8 14.
Nd5+ Ke8 15. Nxf6+ gxf6 16. Bxh6 Nd4 17. Bd3 Ba2 18. Kd2 d5 19. c3 dxe4 20.
cxd4 exd3 21. Rc1 Rxc1 22. Rxc1 Rxd4 23. Be3 Rh4 24. h3 Bd5 25. Bxa7 e4 26. Bf2
Rh7 27. h4 f5 28. Rc5 Be6 29. Re5 Rg7 30. g3 f4 31. fxe4 fxg3 32. Bg1 Rg4 33.
Rg5 Rxe4 34. Kxd3 Rxh4 35. Rxg3 Kd7 36. Bd4 Kc6 37. Re3 Rh2 38. Bc3 Kd5 39.
Re5+ Kd6 40. Kd4 f5 41. Bb4+ Kd7 42. Rb5 Rh4+ 43. Ke5 Re4+ 44. Kf6 Kc6 45. Re5
Rxe5
1/2-1/2

[Event "Eliteserien 2017 - 18"]
[Site "Stavanger og Oslo"]
[Date "2017.11.03"]
[Round "2"]
[White "Devereaux, Maxim L"]
[Black "Notkevich, Benjamin Arvola"]
[Result "0-1"]
[WhiteElo "2374"]
[BlackElo "2455"]
[PlyCount "86"]
[EventDate "2017.??.??"]

1. Nf3 Nf6 2. c4 g6 3. Nc3 Bg7 4. e4 d6 5. d4 O-O 6. Be2 e5 7. O-O Nc6 8. d5
Ne7 9. Nd2 a5 10. Rb1 Bd7 11. b3 c6 12. dxc6 bxc6 13. Nf3 Ne8 14. Ba3 f5 15.
Ne1 Be6 16. Bf3 Ra7 17. Nc2 Rd7 18. Qe2 Nf6 19. Rbd1 Rf7 20. Ne3 Kh8 21. Rd2
fxe4 22. Nxe4 Nxe4 23. Bxe4 d5 24. Bb1 e4 25. cxd5 cxd5 26. Qa6 Rf6 27. Qb5 d4
28. Nc4 e3 29. Re2 Nd5 30. Bb2 Nf4 31. Nxe3 Nxe2+ 32. Qxe2 dxe3 33. Bxf6 Bxf6
34. Qxe3 Bf7 35. Be4 Kg7 36. g3 Rd2 37. Bf3 Qd4 38. Qxd4 Bxd4 39. Rd1 Bxf2+ 40.
Kf1 Rxa2 41. Rd7 Bc5 42. Bd5 Rf2+ 43. Ke1 Rf5
0-1

[Event "Eliteserien 2017 - 18"]
[Site "Stavanger og Oslo"]
[Date "2017.11.03"]
[Round "2"]
[White "Galchenko, Matvey"]
[Black "Andersen, Lars Even"]
[Result "1/2-1/2"]
[WhiteElo "2340"]
[BlackElo "2302"]
[PlyCount "63"]
[EventDate "2017.??.??"]

1. c4 c6 2. e4 d5 3. exd5 cxd5 4. cxd5 Nf6 5. Qa4+ Nbd7 6. Nc3 g6 7. Bc4 Bg7 8.
d3 O-O 9. Nf3 Nb6 10. Qb3 Bg4 11. Ne5 Qc7 12. f4 Nbd7 13. Nxg4 Nxg4 14. h3 Ngf6
15. Be3 Nh5 16. O-O Ng3 17. Rfe1 Nf5 18. Bf2 Qxf4 19. Re4 Qc7 20. Nb5 Qb8 21.
g4 Nc5 22. Bxc5 Qg3+ 23. Kf1 Qxh3+ 24. Ke1 Ng3 25. Re3 Qf1+ 26. Kd2 Qf2+ 27.
Kd1 Bh6 28. Qc2 Qf1+ 29. Re1 Qf3+ 30. Re2 Qf1+ 31. Re1 Qf3+ 32. Re2
1/2-1/2

[Event "Eliteserien 2017 - 18"]
[Site "Stavanger og Oslo"]
[Date "2017.11.03"]
[Round "2"]
[White "Flermoen, Peter"]
[Black "Sahl, Sheila Barth"]
[Result "1-0"]
[WhiteElo "2252"]
[BlackElo "2180"]
[PlyCount "121"]
[EventDate "2017.??.??"]

1. e4 c5 2. Nc3 a6 3. Nge2 b5 4. g3 Bb7 5. Bg2 e6 6. a3 Be7 7. O-O Nc6 8. d4
cxd4 9. Nxd4 Qc7 10. Re1 Nxd4 11. Qxd4 e5 12. Qd3 Nf6 13. Bg5 O-O 14. Rad1 Rfd8
15. h3 Rac8 16. g4 h6 17. Bd2 Nh7 18. Qg3 Bg5 19. h4 Bxd2 20. Rxd2 Nf8 21. Nd1
Ne6 22. Ne3 Nf4 23. Nf5 d6 24. Qe3 Rd7 25. Red1 Rcd8 26. Bf3 d5 27. exd5 Bxd5
28. Bxd5 Rxd5 29. Rxd5 Rxd5 30. Rxd5 Nxd5 31. Qe4 Ne7 32. Ne3 Qd6 33. h5 f6 34.
c4 Kf7 35. cxb5 axb5 36. Qb7 Qc6 37. Qa7 Ke6 38. b3 Qc1+ 39. Kg2 Qc6+ 40. Kg3
g6 41. hxg6 Nxg6 42. Qg7 Nf4 43. Qxh6 Ne2+ 44. Kh2 Qc1 45. g5 Qg1+ 46. Kh3 Nf4+
47. Kh4 Qxf2+ 48. Kg4 Qe2+ 49. Kh4 Qxe3 50. Qxf6+ Kd5 51. Qf7+ Kd4 52. Qa7+ Kd3
53. Qxe3+ Kxe3 54. a4 Ne6 55. axb5 e4 56. b6 Kd2 57. b7 e3 58. b8=Q Nd4 59. Qf4
Kd3 60. Kh5 e2 61. Qf2
1-0

[Event "Eliteserien 2017 - 18"]
[Site "Stavanger og Oslo"]
[Date "2017.11.03"]
[Round "2"]
[White "Berg, Johan"]
[Black "Nielsen, Andre"]
[Result "1/2-1/2"]
[WhiteElo "2216"]
[BlackElo "2108"]
[PlyCount "181"]
[EventDate "2017.??.??"]

1. e4 e5 2. Nf3 Nc6 3. Bb5 a6 4. Ba4 Nf6 5. O-O Be7 6. Re1 b5 7. Bb3 O-O 8. h3
d6 9. c3 Na5 10. Bc2 c5 11. d4 Qc7 12. Nbd2 Bd7 13. Nf1 Rac8 14. d5 c4 15. g4
Ne8 16. Ng3 g6 17. Kh2 Ng7 18. Rg1 Nb7 19. Bh6 f6 20. Qd2 Nd8 21. Nh5 gxh5 22.
gxh5 Rf7 23. Bxg7 Rxg7 24. Rxg7+ Kxg7 25. Rg1+ Kf7 26. Qh6 Bf8 27. Qxh7+ Ke8
28. Rg8 Be6 29. Qxc7 Rxc7 30. dxe6 Nxe6 31. Nh4 Rh7 32. Bd1 Kf7 33. Rg1 Nf4 34.
Bg4 Nxh5 35. Bf5 Rh6 36. Bc8 Nf4 37. Rg4 d5 38. exd5 Bc5 39. d6 Bxd6 40. Nf5
Rxh3+ 41. Kg1 Bc5 42. Rg7+ Kf8 43. Rc7 Nd3 44. Be6 Bxf2+ 45. Kf1 Rh1+ 46. Kg2
Nf4+ 47. Kxh1 Nxe6 48. Rc6 Kf7 49. Kg2 Bc5 50. Rxa6 Nf4+ 51. Kf3 Nd3 52. Rc6
Kg6 53. Ng3 Bf8 54. b4 cxb3 55. axb3 b4 56. Ne4 Be7 57. cxb4 Nxb4 58. Re6 Kf7
59. Rb6 Nd5 60. Ra6 f5 61. Nd6+ Bxd6 62. Rxd6 e4+ 63. Kg3 Nb4 64. Kf4 Ke7 65.
Rh6 Nc2 66. Rh2 Nd4 67. b4 Kd6 68. Rd2 Kd5 69. b5 Kc5 70. b6 Nc6 71. b7 Kb6 72.
Rb2+ Kc7 73. Kxf5 e3 74. Ke4 e2 75. Rxe2 Kxb7 76. Kd5 Nb4+ 77. Kc4 Nc6 78. Kc5
Kc7 79. Re6 Nb8 80. Re7+ Nd7+ 81. Kd5 Kd8 82. Kd6 Nf8 83. Rf7 Ke8 84. Rg7 Kd8
85. Rf7 Ke8 86. Re7+ Kd8 87. Ra7 Ke8 88. Rb7 Ng6 89. Ke6 Nf8+ 90. Ke5 Nd7+ 91.
Ke4
1/2-1/2

[Event "Eliteserien 2017 - 18"]
[Site "Stavanger og Oslo"]
[Date "2017.11.03"]
[Round "2"]
[White "Lie, Espen"]
[Black "Gausel, Einar J"]
[Result "1-0"]
[WhiteElo "2459"]
[BlackElo "2479"]
[PlyCount "49"]
[EventDate "2017.??.??"]

1. g3 d5 2. Nf3 c6 3. Bg2 Bg4 4. Ne5 Bf5 5. d4 Nd7 6. O-O Ngf6 7. c4 e6 8. Nc3
Bd6 9. Bf4 Qb8 10. Nxd7 Nxd7 11. cxd5 exd5 12. Bxd6 Qxd6 13. e4 dxe4 14. Bxe4
Bxe4 15. Nxe4 Qg6 16. d5 O-O 17. dxc6 Qxc6 18. Rc1 Qxe4 19. Qxd7 Rad8 20. Qb5
a6 21. Qb6 Rd7 22. Rfe1 Qd5 23. b3 Qd2 24. Qe3 Qxa2 25. Rc8
1-0

[Event "Eliteserien 2017 - 18"]
[Site "Stavanger og Oslo"]
[Date "2017.11.03"]
[Round "2"]
[White "Hauge, Lars Oskar"]
[Black "Hole, Øystein"]
[Result "0-1"]
[WhiteElo "2439"]
[BlackElo "2333"]
[PlyCount "60"]
[EventDate "2017.??.??"]

1. e4 c6 2. d4 d5 3. Nc3 dxe4 4. Nxe4 Bf5 5. Ng3 Bg6 6. h4 h6 7. Nh3 e6 8. Nf4
Bh7 9. Bc4 Nf6 10. O-O Bd6 11. Nxe6 fxe6 12. Bxe6 Qc7 13. Re1 Nbd7 14. Bh3+ Kf8
15. Qf3 Re8 16. Bd2 Bxc2 17. Nh5 Kf7 18. Nf4 Be4 19. Rxe4 Rxe4 20. Qb3+ Ke8 21.
Ng6 Rf8 22. Bf5 Re7 23. Qa4 Nd5 24. Nxf8 Kxf8 25. Qxa7 Qb6 26. Qa8+ Re8 27. Qa4
Qxb2 28. Qd1 N7f6 29. Bg6 Re7 30. Be1 Nf4
0-1

[Event "Eliteserien 2017 - 18"]
[Site "Stavanger og Oslo"]
[Date "2017.11.03"]
[Round "2"]
[White "Gudbrandsen, Gustav"]
[Black "Al-Tarbosh, Ward"]
[Result "1/2-1/2"]
[WhiteElo "2235"]
[BlackElo "2266"]
[PlyCount "57"]
[EventDate "2017.??.??"]

1. e4 e6 2. d4 d5 3. Nc3 Nf6 4. e5 Nfd7 5. f4 c5 6. Nf3 Nc6 7. Be3 a6 8. Qd2 b5
9. dxc5 Bxc5 10. Bxc5 Nxc5 11. b4 Nd7 12. a3 Bb7 13. Bd3 Qb6 14. Qf2 Qxf2+ 15.
Kxf2 Nb6 16. Rhe1 Rc8 17. Ne2 Nc4 18. Ned4 Nxd4 19. Nxd4 Ke7 20. Nb3 Rc7 21. a4
bxa4 22. Nc5 Rb8 23. Bxc4 dxc4 24. c3 a5 25. Nxb7 Rcxb7 26. bxa5 Rb3 27. Rxa4
Rxc3 28. a6 Rc2+ 29. Re2
1/2-1/2

[Event "Eliteserien 2017 - 18"]
[Site "Stavanger og Oslo"]
[Date "2017.11.03"]
[Round "2"]
[White "Moen, Ole Christian"]
[Black "Hagesæther, Ellen"]
[Result "1/2-1/2"]
[WhiteElo "2178"]
[BlackElo "2126"]
[PlyCount "75"]
[EventDate "2017.??.??"]

1. e4 c6 2. d4 d5 3. Nc3 dxe4 4. Nxe4 Nf6 5. Nxf6+ exf6 6. Bc4 Be7 7. Ne2 O-O
8. O-O Bd6 9. Bf4 Bg4 10. f3 Bf5 11. c3 Bxf4 12. Nxf4 Qd6 13. Qd2 Nd7 14. Rad1
h6 15. Rfe1 Rfe8 16. Bd3 Bxd3 17. Nxd3 g5 18. Qf2 Kf8 19. Qg3 Qxg3 20. hxg3 f5
21. Kf2 Re6 22. Rxe6 fxe6 23. Ne5 Nxe5 24. dxe5 Ke7 25. Ke3 Rd8 26. Rh1 Rh8 27.
g4 f4+ 28. Ke4 Kd7 29. Rd1+ Ke7 30. b4 h5 31. gxh5 Rxh5 32. c4 Rh2 33. Rd2 Rh1
34. Rb2 Re1+ 35. Kd4 Rd1+ 36. Ke4 Re1+ 37. Kd4 Rd1+ 38. Ke4
1/2-1/2

[Event "Eliteserien 2017 - 18"]
[Site "Stavanger og Oslo"]
[Date "2017.11.03"]
[Round "2"]
[White "Blomqvist, Erik"]
[Black "Predojevic, Borki"]
[Result "1/2-1/2"]
[WhiteElo "2503"]
[BlackElo "2625"]
[PlyCount "69"]
[EventDate "2017.??.??"]

1. e4 Nf6 2. e5 Nd5 3. d4 d6 4. Nf3 dxe5 5. Nxe5 c6 6. Bc4 Nd7 7. Nf3 e6 8. O-O
Be7 9. Bb3 O-O 10. c4 N5f6 11. Nc3 c5 12. h3 cxd4 13. Nxd4 Ne5 14. Bf4 Ng6 15.
Be3 Bd7 16. Qf3 Qc8 17. Rfd1 a6 18. Rac1 Qc7 19. Ne4 Nxe4 20. Qxe4 b6 21. Qc2
Rad8 22. Ba4 Bc5 23. Bxd7 Rxd7 24. Nf3 Rxd1+ 25. Rxd1 Bxe3 26. fxe3 Qc5 27. Qe4
b5 28. cxb5 axb5 29. a3 h6 30. Qd4 Qc2 31. Rd2 Qc1+ 32. Rd1 Qc2 33. Rd2 Qc1+
34. Rd1 Qc2 35. Rd2
1/2-1/2

[Event "Eliteserien 2017 - 18"]
[Site "Stavanger og Oslo"]
[Date "2017.11.03"]
[Round "2"]
[White "Tari, Aryan"]
[Black "Djurhuus, Rune"]
[Result "1-0"]
[WhiteElo "2581"]
[BlackElo "2421"]
[PlyCount "67"]
[EventDate "2017.??.??"]

1. e4 Nc6 2. d4 e5 3. dxe5 Nxe5 4. Nf3 Qf6 5. Nc3 Nxf3+ 6. gxf3 Bb4 7. Bd2 Ne7
8. Qe2 b6 9. h4 Bb7 10. a3 Bc5 11. Bg5 Qc6 12. Qd2 a6 13. O-O-O O-O-O 14. Bh3
f6 15. Bf4 b5 16. h5 Kb8 17. Nd5 Nxd5 18. exd5 Qb6 19. b4 Bxf2 20. d6 cxd6 21.
Rhf1 Bh4 22. Bxd6+ Ka8 23. Bc5 Qc7 24. Qd4 Qg3 25. Bxd7 Bg5+ 26. f4 Bh6 27. Kb2
Rxd7 28. Qxd7 Bxf4 29. Rg1 Qf3 30. Rxg7 Rb8 31. Rd3 Qxh5 32. Qc6 Qe5+ 33. Kb3
Bxc6 34. Ra7#
1-0

[Event "Eliteserien 2017 - 18"]
[Site "Stavanger og Oslo"]
[Date "2017.11.03"]
[Round "2"]
[White "Haug, Johannes"]
[Black "Lie, Kjetil A."]
[Result "0-1"]
[WhiteElo "2363"]
[BlackElo "2538"]
[PlyCount "74"]
[EventDate "2017.??.??"]

1. e4 c5 2. Nf3 e6 3. b3 b6 4. Bd3 Bb7 5. O-O Nc6 6. Re1 Qc7 7. Bb2 Nge7 8. Bf1
Ng6 9. g3 f6 10. c3 Be7 11. d4 O-O 12. d5 Nce5 13. Nxe5 fxe5 14. dxe6 dxe6 15.
Nd2 Rf6 16. Bc4 Raf8 17. f3 Nh8 18. Qe2 Nf7 19. Rf1 Rg6 20. Rad1 Bg5 21. Rf2
Bh6 22. Kg2 Qe7 23. Nf1 Rf6 24. h4 g5 25. h5 g4 26. Nh2 gxf3+ 27. Rxf3 Ng5 28.
Rxf6 Qxf6 29. Ng4 Bxe4+ 30. Qxe4 Nxe4 31. Nxf6+ Rxf6 32. Rf1 Kf7 33. Rxf6+ Nxf6
34. Be2 Be3 35. Kf3 Bd2 36. c4 e4+ 37. Kf2 e3+
0-1

[Event "Eliteserien 2017 - 18"]
[Site "Stavanger og Oslo"]
[Date "2017.11.03"]
[Round "2"]
[White "Christiansen, Johan-Sebastian"]
[Black "Tryggestad, Andreas G"]
[Result "1-0"]
[WhiteElo "2468"]
[BlackElo "2264"]
[PlyCount "103"]
[EventDate "2017.??.??"]

1. e4 c5 2. Nf3 e6 3. d4 cxd4 4. Nxd4 Nc6 5. Nc3 Qc7 6. Be3 Nf6 7. f4 Bb4 8.
Ndb5 Qa5 9. e5 Nd5 10. Bd2 Nxc3 11. Nxc3 d5 12. exd6 Bxd6 13. a3 Qb6 14. Qg4
O-O 15. O-O-O a6 16. Bd3 Qc7 17. Qh4 h6 18. g4 Bxf4 19. g5 Bxd2+ 20. Rxd2 Qe7
21. Qe4 g6 22. gxh6 Qg5 23. h7+ Kh8 24. h4 Qh6 25. h5 g5 26. Rg1 f5 27. Qe3
Kxh7 28. Rxg5 Rg8 29. Rdg2 Rxg5 30. Rxg5 Bd7 31. Kb1 Rg8 32. Ne4 Rxg5 33. Nxg5+
Kg7 34. Bc4 Qxh5 35. Nxe6+ Bxe6 36. Qxe6 Qh1+ 37. Ka2 Qe4 38. Qf7+ Kh6 39. Bd3
Qe7 40. Qxf5 Ne5 41. Be4 b6 42. Qh3+ Kg5 43. Qe3+ Kg4 44. Qxb6 Kf4 45. Bd5 Qd7
46. c4 Qh3 47. Qf6+ Qf5 48. Qxa6 Nd3 49. Qh6+ Ke5 50. Qe3+ Kd6 51. Be4 Nc1+ 52.
Kb1
1-0

[Event "Eliteserien 2017 - 18"]
[Site "Stavanger og Oslo"]
[Date "2017.11.03"]
[Round "2"]
[White "Christenson, Flemming"]
[Black "Holm, Kristian Stuvik"]
[Result "0-1"]
[WhiteElo "2209"]
[BlackElo "2429"]
[PlyCount "74"]
[EventDate "2017.??.??"]

1. d4 Nf6 2. Bf4 c5 3. d5 d6 4. Nc3 g6 5. e4 a6 6. a4 Qa5 7. Bd2 Bg7 8. Bc4 O-O
9. Nf3 Bg4 10. h3 Bxf3 11. Qxf3 Nbd7 12. Qe2 Rfb8 13. Nd1 Qd8 14. a5 Ne5 15.
Ba2 b6 16. f4 Ned7 17. axb6 Nxb6 18. c3 Qd7 19. Bb1 Nh5 20. Kf2 e6 21. dxe6
Qxe6 22. Rxa6 Rxa6 23. Qxa6 d5 24. Re1 Bf6 25. Kg1 Bh4 26. f5 Qd7 27. Rf1 dxe4
28. fxg6 hxg6 29. Ba2 c4 30. Be3 Ng3 31. Re1 Ne2+ 32. Kf1 Qd3 33. Nf2 Qxe3 34.
Rxe2 Qc1+ 35. Re1 Qxb2 36. Re2 Qc1+ 37. Re1 Qf4
0-1

[Event "Eliteserien 2017 - 18"]
[Site "Stavanger og Oslo"]
[Date "2017.11.03"]
[Round "3"]
[White "Notkevich, Benjamin Arvola"]
[Black "Agdestein, Simen"]
[Result "1/2-1/2"]
[WhiteElo "2455"]
[BlackElo "2581"]
[PlyCount "107"]
[EventDate "2017.??.??"]

1. e4 c5 2. Nf3 e6 3. d4 cxd4 4. Nxd4 Nc6 5. c4 Nf6 6. Nc3 Bb4 7. Nxc6 bxc6 8.
e5 Ne4 9. a3 Bxc3+ 10. bxc3 Qa5 11. Qd4 Rb8 12. Be3 d5 13. exd6 e5 14. Qd3 O-O
15. f3 Nc5 16. Bxc5 Qxc5 17. d7 Bxd7 18. Qd2 Bf5 19. Qf2 Qxf2+ 20. Kxf2 Rb2+
21. Be2 Bd3 22. Rhe1 Bxc4 23. Ke3 Be6 24. Rab1 Rfb8 25. Rxb2 Rxb2 26. Rd1 f5
27. Bf1 Kf7 28. Rd6 Rb6 29. f4 exf4+ 30. Kxf4 Ke7 31. Ke5 Bd7 32. Rd4 Rb3 33.
Ra4 Rxc3 34. Rxa7 Re3+ 35. Kd4 f4 36. g3 Kd6 37. gxf4 Rf3 38. Bg2 Rf2 39. Be4
Rxf4 40. Ke3 Rh4 41. a4 g5 42. a5 Rh3+ 43. Kf2 Rxh2+ 44. Ke3 Rh3+ 45. Kf2 h5
46. Rxd7+ Kxd7 47. Bf5+ Kc7 48. Bxh3 Kb7 49. Bf1 h4 50. Kf3 h3 51. Kg3 g4 52.
Be2 Ka7 53. Bxg4 Ka6 54. Bxh3
1/2-1/2

[Event "Eliteserien 2017 - 18"]
[Site "Stavanger og Oslo"]
[Date "2017.11.03"]
[Round "3"]
[White "Gausel, Einar J"]
[Black "Galchenko, Matvey"]
[Result "1/2-1/2"]
[WhiteElo "2479"]
[BlackElo "2340"]
[PlyCount "54"]
[EventDate "2017.??.??"]

1. d4 Nf6 2. Nf3 c5 3. d5 e6 4. Nc3 exd5 5. Nxd5 Nxd5 6. Qxd5 Nc6 7. e4 d6 8.
Bc4 Be6 9. Qd3 Bxc4 10. Qxc4 Be7 11. O-O O-O 12. Rd1 Qb6 13. Rb1 Rad8 14. Bf4
h6 15. a3 a5 16. Rd5 Na7 17. Qd3 Qc6 18. Rd1 Nc8 19. c4 Nb6 20. Rh5 Rfe8 21.
Bd2 a4 22. Ba5 Bf6 23. Qc2 Ra8 24. Bxb6 Qxb6 25. Rd2 Qb3 26. Rhd5 Qxc2 27. Rxc2
Ra6
1/2-1/2

[Event "Eliteserien 2017 - 18"]
[Site "Stavanger og Oslo"]
[Date "2017.11.03"]
[Round "3"]
[White "Mikalsen, Erlend"]
[Black "Mihajlov, Sebastian"]
[Result "1-0"]
[WhiteElo "2297"]
[BlackElo "2401"]
[PlyCount "71"]
[EventDate "2017.??.??"]

1. e4 c6 2. d4 d5 3. Nc3 dxe4 4. Nxe4 Bf5 5. Ng3 Bg6 6. h4 h6 7. Nf3 Nd7 8. h5
Bh7 9. Bd3 Bxd3 10. Qxd3 e6 11. Bf4 Bb4+ 12. c3 Be7 13. O-O-O Ngf6 14. Ne4 Nxe4
15. Qxe4 Nf6 16. Qc2 O-O 17. Kb1 a5 18. Rhg1 Nxh5 19. Bc1 Nf6 20. g4 Qd5 21.
Ne5 Qe4 22. Rd3 Nd5 23. f3 Qh7 24. f4 f6 25. Nf3 Bd6 26. g5 Bxf4 27. g6 Qh8 28.
c4 Nb4 29. Qe2 e5 30. Bxf4 Nxd3 31. Qxd3 exf4 32. Qf5 Rae8 33. Qd7 h5 34. Qf5
Re3 35. Rh1 Rfe8 36. Rxh5
1-0

[Event "Eliteserien 2017 - 18"]
[Site "Stavanger og Oslo"]
[Date "2017.11.03"]
[Round "3"]
[White "Persson, Mats"]
[Black "Flermoen, Peter"]
[Result "0-1"]
[WhiteElo "2312"]
[BlackElo "2252"]
[PlyCount "106"]
[EventDate "2017.??.??"]

1. d4 Nf6 2. Nf3 g6 3. g3 Bg7 4. Bg2 O-O 5. O-O d5 6. Bf4 Bf5 7. Nbd2 c6 8. h3
Qb6 9. g4 Be4 10. Rb1 Nbd7 11. e3 c5 12. Nxe4 Nxe4 13. Ne5 Rfd8 14. Nxd7 Rxd7
15. c3 Qc6 16. Qe2 b5 17. Rfd1 Rdd8 18. a3 Rac8 19. Bxe4 dxe4 20. dxc5 Qxc5 21.
Rxd8+ Rxd8 22. Rd1 Rd5 23. Rxd5 Qxd5 24. Kf1 e5 25. Bg5 f6 26. Bh4 Kf7 27. Ke1
a5 28. a4 bxa4 29. Qa6 g5 30. Bg3 Bf8 31. h4 h6 32. Qa7+ Be7 33. h5 Qb5 34. Qa8
Qxb2 35. Qd5+ Ke8 36. Qg8+ Kd7 37. Qd5+ Bd6 38. Qf7+ Kc6 39. Qe8+ Kc7 40. Qxa4
Qb1+ 41. Ke2 Qd3+ 42. Ke1 Qxc3+ 43. Kf1 Qb4 44. Qe8 a4 45. Qg6 Be7 46. Qxh6 a3
47. Qg7 a2 48. h6 a1=Q+ 49. Kg2 Kd7 50. Qg8 Qb5 51. Kh2 Qbf1 52. Qd5+ Kc7 53.
Qxe4 Qg1+
0-1

[Event "Eliteserien 2017 - 18"]
[Site "Stavanger og Oslo"]
[Date "2017.11.03"]
[Round "3"]
[White "Moen, Ole Christian"]
[Black "Mikalsen, Harald"]
[Result "1-0"]
[WhiteElo "2178"]
[BlackElo "2025"]
[PlyCount "55"]
[EventDate "2017.??.??"]

1. e4 e5 2. Nf3 Nc6 3. Bb5 a6 4. Ba4 Nf6 5. O-O b5 6. Bb3 Be7 7. Re1 O-O 8. a4
Bb7 9. c3 d6 10. d4 Nb8 11. axb5 axb5 12. Rxa8 Bxa8 13. Nbd2 Nbd7 14. h3 Qb8
15. Bc2 c5 16. Nf1 b4 17. Ng3 g6 18. Bg5 exd4 19. cxd4 c4 20. e5 Nd5 21. Bxe7
Nxe7 22. Qe2 Bd5 23. Be4 Be6 24. d5 Nxd5 25. Qd2 c3 26. Qh6 Nxe5 27. Ng5 Nf6
28. Nh5
1-0

[Event "Eliteserien 2017 - 18"]
[Site "Stavanger og Oslo"]
[Date "2017.11.03"]
[Round "3"]
[White "Blomqvist, Erik"]
[Black "Lie, Espen"]
[Result "1/2-1/2"]
[WhiteElo "2503"]
[BlackElo "2459"]
[PlyCount "157"]
[EventDate "2017.??.??"]

1. e4 d6 2. d4 Nf6 3. Nc3 g6 4. Nf3 Bg7 5. Be2 O-O 6. O-O Nc6 7. d5 Ne5 8. Nxe5
dxe5 9. Bg5 h6 10. Be3 e6 11. dxe6 Bxe6 12. Qxd8 Rfxd8 13. Rfd1 a6 14. a4 Bf8
15. f3 Kg7 16. a5 Bb4 17. Rxd8 Rxd8 18. Nd1 Ne8 19. Nf2 Be7 20. Nd3 f6 21. Nc5
Bxc5 22. Bxc5 Nd6 23. Kf2 Nb5 24. Ke3 Nd4 25. Bd3 f5 26. g3 f4+ 27. gxf4 exf4+
28. Kxf4 Nb3 29. cxb3 Rxd3 30. b4 Kf7 31. h4 Rd2 32. Ke5 Rxb2 33. Rc1 Rb3 34.
Be3 c6 35. Bxh6 Rxb4 36. Kd6 Rb5 37. Bd2 Rb2 38. Bc3 Rb5 39. f4 Bg4 40. Re1 Rb3
41. Bd4 Rd3 42. Kc5 Rb3 43. Kd6 Rd3 44. Ke5 Rb3 45. Bb6 Rh3 46. Bd8 Rd3 47. Bb6
Rh3 48. Rb1 Be2 49. Bc5 Bb5 50. Rd1 Bd3 51. Rd2 Ke8 52. Kf6 Rf3 53. Kg7 Bxe4
54. Rb2 Rc3 55. Ba7 Kd7 56. Rxb7+ Ke6 57. Bd4 Ra3 58. Bb6 Kf5 59. Ra7 Bd3 60.
Rc7 Rc3 61. Bd4 Rc4 62. Be5 Rc5 63. Rd7 Rd5 64. Rxd5 cxd5 65. Kf7 Bc4 66. Ke7
Ke4 67. Kf6 d4 68. Kxg6 d3 69. Bc3 Kxf4 70. Kf6 Ke3 71. Ke5 d2 72. Bxd2+ Kxd2
73. Kd4 Be2 74. Kc5 Kc3 75. Kb6 Kd4 76. h5 Ke5 77. h6 Kf6 78. Kc5 Kg6 79. Kd4
1/2-1/2

[Event "Eliteserien 2017 - 18"]
[Site "Stavanger og Oslo"]
[Date "2017.11.03"]
[Round "3"]
[White "Hole, Øystein"]
[Black "Salomon, Johan"]
[Result "0-1"]
[WhiteElo "2333"]
[BlackElo "2476"]
[PlyCount "94"]
[EventDate "2017.??.??"]

1. Nf3 d5 2. d4 Nf6 3. c4 e6 4. Nc3 Bb4 5. cxd5 exd5 6. Bg5 h6 7. Bxf6 Qxf6 8.
Qa4+ Nc6 9. e3 O-O 10. Be2 Be6 11. O-O a6 12. Rfc1 Bd6 13. a3 Ne7 14. b4 c6 15.
Qb3 g5 16. Ra2 g4 17. Nd2 h5 18. Nf1 Kg7 19. Na4 Rae8 20. Nc5 Bc8 21. a4 h4 22.
b5 axb5 23. axb5 g3 24. fxg3 hxg3 25. Nxg3 Bxg3 26. hxg3 Nf5 27. Rf1 Qg5 28.
Rf3 Nxe3 29. bxc6 bxc6 30. Qc3 Bg4 31. Rf4 Bxe2 32. Rxe2 Nf5 33. Qf3 Rxe2 34.
Rg4 Rxg2+ 35. Kxg2 Ne3+ 36. Qxe3 Qxg4 37. Qe5+ Kg8 38. Nd7 Qe4+ 39. Qxe4 dxe4
40. Nxf8 Kxf8 41. g4 Ke7 42. Kf2 Kf6 43. Ke3 Kg5 44. Kxe4 Kxg4 45. Ke5 f5 46.
Kd6 f4 47. Kxc6 f3
0-1